|
|
|
|
| LEADER |
00000nas a2200000 a 4500 |
| 001 |
ssj0012492 |
| 003 |
WaSeSS |
| 005 |
20200512172242.0 |
| 006 |
m d |
| 007 |
cr n |
| 008 |
980213c19749999dcumn p s 0 a0eng c |
| 010 |
|
|
|a 2008201997
|
| 022 |
|
|
|a 1943-5754
|l 0196-125X
|y 0196-125X
|
| 035 |
|
|
|a (WaSeSS)ssj0012492
|
| 037 |
|
|
|b Arms Control Association, 1313 L St., NW, Ste. 130, Washington, DC 20005
|
| 040 |
|
|
|a FGA
|b eng
|c FGA
|d OCL
|d AAA
|d OCL
|d OCLCQ
|d DLC
|d OCLCQ
|d DLC
|d OCLCQ
|d CUI
|d OCLCQ
|d OCLCF
|d EYM
|d DLC
|d OCLCO
|d OCLCQ
|d GILDS
|d NTG
|d OCLCO
|d UUM
|d OCLCO
|d WaSeSS
|
| 042 |
|
|
|a pcc
|a nsdp
|
| 050 |
1 |
4 |
|a JX1974.A1
|
| 082 |
1 |
0 |
|a 327.1
|2 14
|
| 130 |
0 |
|
|a Arms control today (Online)
|
| 222 |
|
0 |
|a Arms control today
|b (Online)
|
| 245 |
1 |
0 |
|a Arms control today
|h [electronic resource] :
|b a publication of the Arms Control Association.
|
| 260 |
|
|
|a Washington, D.C. :
|b Arms Control Association,
|c 1974-
|
| 310 |
|
|
|a Monthly (except bimonthly Jan./Feb. and July/Aug.),
|b 1986-
|
| 321 |
|
|
|a Monthly,
|b 1974-1977
|
| 321 |
|
|
|a Monthly (except bimonthly July/Aug.),
|b 1978-1982
|
| 321 |
|
|
|a Monthly (some bimonthly issues),
|b 1983-1985
|
| 362 |
1 |
|
|a Began with vol. 4, no. 1 (Jan. 1974).
|
| 506 |
|
|
|a License restrictions may limit access.
|
| 515 |
|
|
|a Numbering irregular: vol. 11, no. 9 (Nov. 1981) incorrectly called v. 11, no. 8; v. 11, no. 10 omitted in numbering.
|
| 538 |
|
|
|a Mode of access: World Wide Web.
|
| 588 |
|
|
|a Description based on: Vol. 4, no. 1 (Jan. 1974); title from PDF caption (JSTOR, viewed June 20, 2014).
|
| 588 |
|
|
|a Latest issue consulted: Vol. 44, no. 5 (June 2014) (ACA website, viewed June 20, 2014).
|
| 650 |
|
0 |
|a Arms control
|v Periodicals.
|
| 650 |
|
0 |
|a Disarmament
|v Periodicals.
|
| 650 |
|
7 |
|a Arms control.
|2 fast
|0 (OCoLC)fst00814908
|
| 650 |
|
7 |
|a Disarmament.
|2 fast
|0 (OCoLC)fst00894688
|
| 655 |
|
0 |
|a Electronic journals.
|
| 710 |
2 |
|
|a Arms Control Association (Washington, D.C.)
|
| 776 |
0 |
8 |
|i Print version:
|t Arms control today
|x 0196-125X
|w (DLC) 87656007
|w (OCoLC)2197658
|
| 780 |
0 |
0 |
|t ACA newsletter (Washington, D.C.)
|x 2375-3587
|w (DLC) 2014203468
|w (OCoLC)881534963
|
| 856 |
4 |
0 |
|z Full text available from Research Library: 01/01/1992 to present
|u https://search.proquest.com/publication/37049
|